| 000 | 00935nam a2200229Ii 4500 | ||
|---|---|---|---|
| 003 | JO-AjNU | ||
| 008 | 230605s9999||||xx |||||||||||||| ||und|| | ||
| 020 | _a977-337-331-2 | ||
| 040 |
_aJO-AjNU _bara _erda _cJO-AjNU |
||
| 041 | _aara | ||
| 050 | 1 | 4 | _aHF5686.H75.M84 2009 |
| 100 | 3 |
_aاعداد: مركز الخبرات المهنية اللادارة بميك؛المستشار:عبدالرحمن توفيق, _eauthor _932245 |
|
| 245 | 0 | 0 | _aاعداد الموازنات التخطيطية للمنشآت الفندقية |
| 250 | _aط1 | ||
| 264 | 3 | 1 | _aالقاهرة: مركز الخبرات المهنية اللادارة بميك، 2009 |
| 300 | _a77ص | ||
| 336 |
_atext _btxt _2rdacontent |
||
| 337 |
_aunmediated _bn _2rdamedia |
||
| 338 |
_avolume _bnc _2rdacarrier |
||
| 490 | 0 | _aمنهج المحاسبة التطبيقية؛ 11 | |
| 650 | 4 |
_aالمحاسبة - اعداد الموازنات- الفنادق _932246 |
|
| 999 |
_aA12994 _c16562 _d16562 |
||